000 00985nam a2200265 i 4500
001 bg
100 1 _aGAJDECKI, Andrzej
245 1 0 _aStan czystości wód jeziora Drawsko /
_caut. Andrzej Gajdecki, Bolesław Janecki ; [Państwowa Inspekcja Ochrony Środowiska. Wojewódzki Inspektorat Ochrony Środowiska w Koszalinie].
260 _aKoszalin :
_bWIOŚ ;
_a[Warszawa] :
_bPIOŚ,
_c1996.
300 _a49, [7] s., [6] k. fot. kolor. :
_bmapy, wykr. ;
_c24 cm.
490 1 _aBiblioteka Monitoringu Środowiska
504 _aBibliogr. s. [53].
650 9 _aJeziora
_xhigiena i ochrona
_zPolska
650 9 _aJeziora
_xmikrobiologia
_zPolska
651 9 _aDrawsko (jezioro)
_xhigiena
_xbadanie
700 1 _aJANECKI, Bolesław
830 _aBiblioteka Monitoringu Środowiska
020 _a8387166189 (PIOŚ)
040 _cBPK
041 0 _apl
080 _a556.5:504.4.05](438)
920 _a83-87166-18-9 (PIOŚ)
942 _cKS
008 s pl f |000 0 pol
999 _c31149
_d31149
856 _uhttp://koha.tu.koszalin.pl/cgi-bin/koha/opac-detail.pl?biblionumber=31149
_yKatalog online BPK